Rajkapoor: Aadhi haqiqat aadha fasaana (Record no. 28099)

MARC details
000 -LEADER
fixed length control field 00456nam a2200169Ia 4500
008 - FIXED-LENGTH DATA ELEMENTS--GENERAL INFORMATION
fixed length control field 230917s9999||||xx |||||||||||||| ||und||
020 ## - ISBN
Price RS395
040 ## - CATALOGING SOURCE
-- 249838
Original cataloging agency VIVEKANANDA LIBRARY
041 ## - Language
-- English
082 ## - DDC NUMBER
Classification number B R137A:R
100 ## - MAIN ENTRY--PERSONAL NAME
Personal name Agarwal, Prahlad
245 #0 - TITLE STATEMENT
Title Rajkapoor: Aadhi haqiqat aadha fasaana
260 ## - PUBLICATION, DISTRIBUTION, ETC. (IMPRINT)
Place of publication, distribution, etc New Delhi
Name of publisher, distributor, etc Rajkamal Prakashan
Date of publication, distribution, etc 2007
300 ## - PHYSICAL DESCRIPTION
Pages 263 p.
500 ## - GENERAL NOTE
General note 3265 04/09/2018 RK18/1520 10/09/2018 Main Budget
942 ## - ADDED ENTRY ELEMENTS (KOHA)
Koha item type Books
Holdings
Withdrawn status Lost status Damaged status Not for loan Location (home branch) Sublocation or collection (holding branch) Date acquired Koha issues (times borrowed) Koha full call number Accession No. Koha date last seen Koha item type
        VIVEKANANDA LIBRARY VIVEKANANDA LIBRARY 28/09/2018 1 B R137A:R 380956 06/01/2026 Books
© Designed and Maintained by Vivekananda Library, MDU Rohtak